<?xml version="1.0" encoding="UTF-8"?>
<record
    xmlns:xsi="http://www.w3.org/2001/XMLSchema-instance"
    xsi:schemaLocation="http://www.loc.gov/MARC21/slim http://www.loc.gov/standards/marcxml/schema/MARC21slim.xsd"
    xmlns="http://www.loc.gov/MARC21/slim">

  <leader>01784cam a2200301   4500</leader>
  <controlfield tag="001">ne 68000477 </controlfield>
  <controlfield tag="003">DLC</controlfield>
  <controlfield tag="005">20260227111837.0</controlfield>
  <controlfield tag="008">930414m19669999ua            000 0 ara  </controlfield>
  <datafield tag="010" ind1=" " ind2=" ">
    <subfield code="a">ne 68000477 </subfield>
  </datafield>
  <datafield tag="025" ind1=" " ind2=" ">
    <subfield code="a">PL480:UAR-8884</subfield>
  </datafield>
  <datafield tag="035" ind1=" " ind2=" ">
    <subfield code="a">(CStRLIN)DCLN93-B217</subfield>
  </datafield>
  <datafield tag="040" ind1=" " ind2=" ">
    <subfield code="a">DLC</subfield>
    <subfield code="c">DLC</subfield>
    <subfield code="d">DLC-R</subfield>
    <subfield code="d">DLC</subfield>
  </datafield>
  <datafield tag="050" ind1="0" ind2="0">
    <subfield code="a">BP135</subfield>
    <subfield code="b">.A12 1966</subfield>
  </datafield>
  <datafield tag="066" ind1=" " ind2=" ">
    <subfield code="c">(3</subfield>
  </datafield>
  <datafield tag="100" ind1="1" ind2=" ">
    <subfield code="6">880-01</subfield>
    <subfield code="a">Bukh&#x101;r&#x12B;, Mu&#x1E25;ammad ibn Ism&#x101;&#x2BB;&#x12B;l,</subfield>
    <subfield code="d">810-870.</subfield>
  </datafield>
  <datafield tag="240" ind1="1" ind2="0">
    <subfield code="6">880-02</subfield>
    <subfield code="a">J&#x101;mi&#x2BB; al-&#x1E63;a&#x1E25;&#x12B;&#x1E25;</subfield>
  </datafield>
  <datafield tag="245" ind1="1" ind2="0">
    <subfield code="6">880-03</subfield>
    <subfield code="a">&#x1E62;a&#x1E25;&#x12B;&#x1E25; al-Bukh&#x101;r&#x12B; /</subfield>
    <subfield code="c">ta&#x2BC;l&#x12B;f Ab&#x12B; &#x2BB;Abd All&#x101;h Mu&#x1E25;ammad ibn Ism&#x101;&#x2BB;&#x12B;l ibn Ibr&#x101;h&#x12B;m ibn Bardizbah al-Ju&#x2BB;f&#x12B; al-Bukh&#x101;r&#x12B;.</subfield>
  </datafield>
  <datafield tag="260" ind1=" " ind2=" ">
    <subfield code="6">880-04</subfield>
    <subfield code="a">al-Q&#x101;hirah :</subfield>
    <subfield code="b">al-Jumh&#x16B;r&#x12B;yah al-&#x2BB;Arab&#x12B;yah al-Mutta&#x1E25;idah, al-Majlis al-A&#x2BB;l&#xE1; lil-Shu&#x2BC;&#x16B;n al-Isl&#x101;m&#x12B;yah, Lajnat I&#x1E25;y&#x101;&#x2BC; Kutub al-Sunnah,</subfield>
    <subfield code="c">1386-&lt;1412   &gt; [1966]-&lt;1991   &gt;</subfield>
  </datafield>
  <datafield tag="300" ind1=" " ind2=" ">
    <subfield code="a">v. &lt;1-6, 8-9   &gt; ;</subfield>
    <subfield code="c">24 cm.</subfield>
  </datafield>
  <datafield tag="650" ind1=" " ind2="0">
    <subfield code="a">Hadith</subfield>
    <subfield code="x">Texts</subfield>
    <subfield code="x">Early works to 1800.</subfield>
  </datafield>
  <datafield tag="710" ind1="1" ind2=" ">
    <subfield code="6">880-05</subfield>
    <subfield code="a">United Arab Republic.</subfield>
    <subfield code="b">al-Majlis al-A&#x2BB;l&#xE1; lil-Shu&#x2BC;&#x16B;n al-Isl&#x101;m&#x12B;yah.</subfield>
    <subfield code="b">Lajnat I&#x1E25;y&#x101;&#x2BC; Kutub al-Sunnah.</subfield>
  </datafield>
  <datafield tag="880" ind1="1" ind2=" ">
    <subfield code="6">100-01/(3/r</subfield>
    <subfield code="a">&#x628;&#x62E;&#x627;&#x631;&#x64A;&#x60C; &#x645;&#x62D;&#x645;&#x62F; &#x628;&#x646; &#x625;&#x633;&#x645;&#x627;&#x639;&#x64A;&#x644;.</subfield>
  </datafield>
  <datafield tag="880" ind1="1" ind2="0">
    <subfield code="6">240-02/(3/r</subfield>
    <subfield code="a">&#x62C;&#x627;&#x645;&#x639; &#x627;&#x644;&#x635;&#x62D;&#x64A;&#x62D;</subfield>
  </datafield>
  <datafield tag="880" ind1="1" ind2="0">
    <subfield code="6">245-03/(3/r</subfield>
    <subfield code="a">&#x635;&#x62D;&#x64A;&#x62D; &#x627;&#x644;&#x628;&#x62E;&#x627;&#x631;&#x64A; /</subfield>
    <subfield code="c">&#x62A;&#x623;&#x644;&#x64A;&#x641; &#x623;&#x628;&#x64A; &#x639;&#x628;&#x62F; &#x627;&#x644;&#x644;&#x647; &#x645;&#x62D;&#x645;&#x62F; &#x628;&#x646; &#x625;&#x633;&#x645;&#x627;&#x639;&#x64A;&#x644; &#x628;&#x646; &#x627;&#x628;&#x631;&#x627;&#x647;&#x64A;&#x645; &#x628;&#x646; &#x628;&#x631;&#x62F;&#x632;&#x628;&#x647; &#x627;&#x644;&#x62C;&#x639;&#x641;&#x64A; &#x627;&#x644;&#x628;&#x62E;&#x627;&#x631;&#x64A;.</subfield>
  </datafield>
  <datafield tag="880" ind1=" " ind2=" ">
    <subfield code="6">260-04/(3/r</subfield>
    <subfield code="a">&#x627;&#x644;&#x642;&#x627;&#x647;&#x631;&#x629; :</subfield>
    <subfield code="b">&#x627;&#x644;&#x62C;&#x645;&#x647;&#x648;&#x631;&#x64A;&#x629; &#x627;&#x644;&#x639;&#x631;&#x628;&#x64A;&#x629; &#x627;&#x644;&#x645;&#x62A;&#x62D;&#x62F;&#x629;&#x60C; &#x627;&#x644;&#x645;&#x62C;&#x644;&#x633; &#x627;&#x644;&#x623;&#x639;&#x644;&#x649; &#x644;&#x644;&#x634;&#x626;&#x648;&#x646; &#x627;&#x644;&#x625;&#x633;&#x644;&#x627;&#x645;&#x64A;&#x629;&#x60C; &#x644;&#x62C;&#x646;&#x629; &#x625;&#x62D;&#x64A;&#x627;&#x621; &#x643;&#x62A;&#x628; &#x627;&#x644;&#x633;&#x646;&#x629;&#x60C;</subfield>
    <subfield code="c">1386-&lt;1412   &gt; [1966]-&lt;1991   &gt;.</subfield>
  </datafield>
  <datafield tag="880" ind1="1" ind2=" ">
    <subfield code="6">710-05/(3/r</subfield>
    <subfield code="a">&#x62C;&#x645;&#x647;&#x648;&#x631;&#x64A;&#x629; &#x627;&#x644;&#x639;&#x631;&#x628;&#x64A;&#x629; &#x627;&#x644;&#x645;&#x62A;&#x62D;&#x62F;&#x629;.</subfield>
    <subfield code="b">&#x645;&#x62C;&#x644;&#x633; &#x627;&#x644;&#x623;&#x639;&#x644;&#x649; &#x644;&#x644;&#x634;&#x626;&#x648;&#x646; &#x627;&#x644;&#x625;&#x633;&#x644;&#x627;&#x645;&#x64A;&#x629;.</subfield>
    <subfield code="b">&#x644;&#x62C;&#x646;&#x629; &#x625;&#x62D;&#x64A;&#x627;&#x621; &#x643;&#x62A;&#x628; &#x627;&#x644;&#x633;&#x646;&#x629;.</subfield>
  </datafield>
  <datafield tag="999" ind1=" " ind2=" ">
    <subfield code="c">50057</subfield>
    <subfield code="d">50057</subfield>
  </datafield>
</record>
